MARC
| LEADER | 00000nam a2200000Ia 4500 | ||
|---|---|---|---|
| 008 | 170316s9999 xx 000 0 und d | ||
| 040 | |a cru BVZT | ||
| 090 | |a 840 R-13s | ||
| 100 | |a Rufin, Jean-Christophe | ||
| 245 | |a La Salamandre: Roman | ||
| 260 | |a Francia | ||
| 260 | |b Gallimard | ||
| 260 | |c 2005 | ||
| 300 | |a 200 páginas | ||
| 650 | |a LITERATURA FRANCESA | ||
| 650 | |a NOVELA EN FRANCESA | ||
| 650 | |a EN IDIOMA FRANCÉS | ||
| 999 | |c 7917 |d 7917 | ||
| 942 | |c 15 D |h 840 R-13s |2 z | ||
